| 000 | 00388nam a22001697a 4500 | ||
|---|---|---|---|
| 003 | UA-OsUOA | ||
| 001 | 4684 | ||
| 007 | ta | ||
| 008 | 20050721b un ||||| |||| 00| 0 ukr d | ||
| 100 | _aFinkler | ||
| 700 | _aS. A. | ||
| 942 | _cBK | ||
| 040 |
_aUA-OsUOA _cUA-OsUOA _dUA-OsUOA |
||
| 245 |
_aThe Complete Guide to Finance and Accounting. _bBusiness English |
||
| 955 | _a2 | ||
| 650 | 7 | _2UDC | |
| 999 |
_c290846 _d290846 |
||